[Event "Nakhchivan Premium 2021"]
[Site "Nakhchivan"]
[Date "2021.03.22"]
[Round "1.1"]
[White "Mammadov, Sadig"]
[Black "Aliyev, Aykhan"]
[Result "1/2-1/2"]
[WhiteElo "2237"]
[BlackElo "1683"]
[Annotator "TA"]
[PlyCount "112"]
[EventDate "2021.03.14"]
[EventType "tourn"]
[EventCountry "AZE"]
[SourceTitle "playchess.com"]
[Source "ChessBase"]
[SourceQuality "1"]

{[%evp 9,112,16,25,-6,34,11,6,2,9,-9,29,-18,-26,-22,-23,-41,-28,-43,-36,-50,-47,-46,-50,-45,-39,-55,-33,-37,-33,-34,-26,-56,-47,-54,-48,-46,-42,-55,-49,-83,-78,-70,-19,-20,-10,-10,0,-14,0,-2,0,0,0,-6,0,0,0,0,0,0,0,0,0,0,0,0,0,0,0,0,0,0,0,0,0,0,0,0,0,0,0,0,0,0,0,0,0,0,0,0,0,0,0,0,0,0,0,0,0,0,0,0,0,0,0]} 1. d4 d5 2. c4 e6 3. Nc3 Nf6 4. e3 a6 5. b3 Be7 6. Bd3 {D35: Queen's Gambit Declined: Exchange Variation.} b6 7. Nge2 Bb7 8. O-O O-O {[#]} 9. Ng3 $146 ({Predecessor:} 9. Qc2 Nbd7 10. e4 dxe4 11. Nxe4 Nxe4 12. Bxe4 Bxe4 13. Qxe4 Nf6 14. Qf3 Ra7 15. Be3 {1-0 (60) De Kleuver,J (1874)-Silkaitis,L (1678) Vlissingen 2019}) 9... c5 (9... g6 {keeps more tension.} 10. cxd5 exd5 11. Bb2 Nbd7 12. Nge2 Bd6) 10. cxd5 cxd4 11. exd4 Nxd5 12. Nxd5 Qxd5 {[%csl Gb7][%cal Rd5g2] [#]} 13. Be4 Qd7 14. Be3 Bxe4 15. Nxe4 Nc6 16. Qd2 Rac8 17. Rfd1 Nb4 {Hoping for ...Rc2.} 18. Nc3 Nd5 19. Nxd5 Qxd5 20. Qb2 Rfd8 21. Rac1 h6 22. h3 Bf6 23. Rxc8 Rxc8 24. Rc1 {[#]} Rd8 25. Qe2 a5 (25... b5 $15) 26. Rc4 $11 {The position is equal.} Be7 27. Qc2 b5 28. Rc8 (28. Rc6 {is interesting.} Ra8 29. a4 bxa4 30. bxa4 Qd8 31. g3) 28... Rxc8 29. Qxc8+ Qd8 30. Qb7 b4 31. Kf1 g5 32. Ke2 Bf6 33. Kd3 Qd5 (33... Qd6 {seems wilder.} 34. g3 Bd8 35. Qb5 Qc7 36. Qc5 Qd7) 34. Qxd5 exd5 {[%mdl 4096] Endgame KB-KB} 35. f4 Bd8 36. Ke2 Kg7 37. Kf3 f5 38. Bf2 Kg6 39. Bg3 Bb6 40. fxg5 hxg5 41. Be5 Bd8 42. g3 Kf7 43. Bd6 Ke6 44. Bc5 Kf7 45. Bd6 Ke6 46. Bb8 Kf7 47. Be5 Ke6 48. Ke3 Kf7 49. Bd6 Ke6 50. Bc5 Kf7 51. Kd3 Ke6 {Black wants to play ...g4.} (51... Bc7 $5 52. g4 $8 f4 $11) 52. g4 fxg4 53. hxg4 Kd7 54. Kd2 Kc6 55. a3 bxa3 56. Bxa3 Kb5 {Weighted Error Value: White=0.06/Black=0.06} 1/2-1/2

[Event "Nakhchivan Premium 2021"]
[Site "Nakhchivan"]
[Date "2021.03.22"]
[Round "1.2"]
[White "Gasimov, Parviz"]
[Black "Sevdimaliyev, Urfan"]
[Result "1-0"]
[WhiteElo "2337"]
[BlackElo "2369"]
[Annotator "TA"]
[PlyCount "97"]
[EventDate "2021.03.14"]
[EventType "tourn"]
[EventCountry "AZE"]
[SourceTitle "playchess.com"]
[Source "ChessBase"]
[SourceQuality "1"]

{[%evp 11,97,25,25,26,17,21,8,-6,24,24,22,22,22,31,24,31,25,18,58,50,53,55,55,43,62,46,58,52,60,60,52,22,24,-47,9,0,0,0,0,0,0,-188,-189,-325,-325,-303,-286,-490,0,-253,-242,-255,-190,-185,-161,-148,0,0,0,0,0,0,0,0,0,0,0,0,0,0,0,0,0,0,0,40,71,68,169,169,128,128,400,398,937,925,4794,2164]} 1. e4 c5 2. Nf3 Nc6 3. Bb5 d6 4. d4 cxd4 5. Qxd4 Bd7 6. Qd3 Nf6 7. c4 {B53: Sicilian: 2...d6: Lines with Qxd4.} g6 8. Nc3 Bg7 9. h3 {The position is equal.} O-O (9... Nb4 $5 {[%cal Rb4d3]} 10. Qe2 a6 11. Bxd7+ Nxd7 $11) 10. O-O a6 11. Bxc6 Bxc6 12. Nd4 Nd7 13. Be3 Nc5 14. Qc2 a5 {[#]} 15. Rfd1 $146 ({Predecessor:} 15. Rad1 Qb6 16. Nd5 Bxd5 17. exd5 Rfc8 18. Nb5 Qd8 19. Rfe1 Bf6 20. Bd4 Bxd4 21. Rxd4 {1-0 (58) Idani,P (2560)-Pilvaieh,A (2157) Urmia 2016}) 15... Qc8 16. Rac1 Ne6 17. Ndb5 Bxb5 18. cxb5 Bxc3 19. Qe2 Nc5 {...Bg7 is the strong threat.} 20. Rxc3 Qe6 21. Bh6 Rfc8 22. Re3 (22. Rc4 $11) 22... Qf6 (22... Qxa2 $15 23. e5 d5) 23. f4 $11 Ne6 24. Qf2 Rc5 $1 25. Rd5 Rac8 26. Kh2 $2 (26. Re2 $11 {and White stays safe.}) 26... Rc2 $19 27. Qg3 (27. Rd2 $142 Qxb2 {[%mdl 64] Double Attack} 28. Ree2 Rxd2 29. Rxd2 Qxb5 30. Qh4) 27... Qxb2 28. Red3 Nc5 29. R3d4 (29. Re3) 29... Ne6 $2 ({Better is} 29... Nd7 $19 30. Rd3 Nf6) 30. Rd1 $2 {[%mdl 8192]} (30. Rd3 $1 $11) 30... Re2 31. e5 Rcc2 {[%cal Re2g2]} 32. Rg1 Qxa2 33. Rdd1 d5 $2 (33... Qc4 $17 {Hoping for ...Nd4.} 34. f5 Ng7 35. exd6 exd6 36. Bxg7 (36. Qxd6 Qxb5 37. f6 Re6 $17) 36... Kxg7 37. Rxd6 Qxb5 38. f6+ Kh6) 34. f5 $1 $14 {[%cal Rf5e6]} Ng7 35. e6 $1 fxe6 36. fxg6 hxg6 37. Qxg6 {[%csl Gh6][%cal Rg6g7]} Qb2 {White must now prevent ...Qe5+.} 38. Rdf1 $40 {[%mdl 128] White has some attack.} Qe5+ 39. Kh1 Rf2 40. Rxf2 Rxf2 41. Bxg7 Qxg7 42. Qxe6+ $11 {[%mdl 4096] Endgame KQR-KQR} Qf7 43. Qc8+ Kh7 44. Qxb7 e5 (44... Qe6 $14) 45. Qc8 {And now b6 would win.} Rf6 46. Qd8 $1 e4 $2 {[%mdl 8192] [#]} (46... a4 $16) 47. b6 $1 $18 {[%cal Rb6b7] aiming for b7!} Kg7 $2 {[#]} (47... Qf8 48. Qxd5 {[%mdl 64] Double Attack} Rxb6 49. Qxe4+ Kg8 50. Qd5+ Kg7 51. Qxa5 Qf6 52. Qa7+ Kh6) 48. Qb8 $1 Qf8 49. Qa7+ {[%mdl 64] Double Attack. Never resign too early!  Weighted Error Value: White=0.31/Black=0.35} 1-0

[Event "Nakhchivan Premium 2021"]
[Site "Nakhchivan"]
[Date "2021.03.22"]
[Round "1.3"]
[White "Hasanzade, Toghrul"]
[Black "Garayev, Sadig"]
[Result "1-0"]
[WhiteElo "2322"]
[BlackElo "1781"]
[Annotator "TA"]
[PlyCount "49"]
[EventDate "2021.03.14"]
[EventType "tourn"]
[EventCountry "AZE"]
[SourceTitle "playchess.com"]
[Source "ChessBase"]
[SourceQuality "1"]

{[%evp 21,49,10,19,23,66,38,52,9,47,26,29,17,19,20,26,5,71,67,86,59,78,63,270,288,272,274,1007,962,1442,1466]} 1. d4 Nf6 2. c4 e6 3. Nc3 d5 4. cxd5 Nxd5 5. e4 Nxc3 6. bxc3 c5 7. Nf3 cxd4 8. cxd4 Bb4+ 9. Bd2 Bxd2+ 10. Qxd2 O-O 11. Bc4 Nd7 12. O-O {D41: Queen's Gambit Declined: Semi-Tarrasch with 5 cxd5.} Qe7 13. Qf4 Nb6 {[#]} 14. Bd3 $146 {White is slightly better.} ({Predecessor:} 14. Bb3 Bd7 15. d5 exd5 16. exd5 Qf6 17. Qxf6 gxf6 18. Rfd1 Rac8 19. Rd4 a5 20. Rb1 {½-½ (62) Li,Y (2254)-Bai,X (2029) Shaoxing 2019}) 14... Qa3 15. Rad1 f6 16. h4 Bd7 17. h5 Ba4 18. Rd2 Rad8 (18... Rac8 $11) 19. h6 $16 Rd7 20. Qg4 Qd6 21. d5 f5 $2 {[#] This move loses the game for Black.} (21... e5 $1 $14) 22. exf5 $18 exd5 23. Re1 {aiming for Rde2.} Re7 (23... Qxh6 24. Re6 Rf6) 24. Re6 Qc7 25. f6 {Weighted Error Value: White=0.12/Black=0.51} 1-0

[Event "Nakhchivan Premium 2021"]
[Site "Nakhchivan"]
[Date "2021.03.22"]
[Round "1.4"]
[White "Ahmadova, Yegana"]
[Black "Seyid, Huseyn"]
[Result "0-1"]
[WhiteElo "1421"]
[BlackElo "1660"]
[Annotator "NA RC"]
[PlyCount "60"]
[EventDate "2021.03.14"]
[EventType "tourn"]
[EventCountry "AZE"]
[SourceTitle "playchess.com"]
[Source "ChessBase"]
[SourceQuality "1"]
[TimeControl "5400+30"]

1. e4 {[%emt 0:00:00]} c6 {[%emt 0:00:00]} 2. d4 {[%emt 0:00:00]} d5 {[%emt 0:00:00]} 3. exd5 {[%emt 0:00:00]} cxd5 {[%emt 0:00:00]} 4. c4 {[%emt 0:00:00]} Nf6 {[%emt 0:00:00]} 5. Nc3 {[%emt 0:00:01]} e6 {[%emt 0:00:15]} 6. Nf3 {[%emt 0:00:14]} Nc6 {[%emt 0:00:14]} 7. cxd5 {[%emt 0:02:59]} exd5 {[%emt 0:00:22]} 8. Bd3 {[%emt 0:01:19]} Be7 {[%emt 0:01:11]} 9. O-O {[%emt 0:00:09]} Bg4 {[%emt 0:00:49]} 10. Be3 {[%emt 0:05:27]} O-O {[%emt 0:00:32]} 11. h3 {[%emt 0:02:17]} Bh5 {[%emt 0:00:14]} 12. Be2 {[%emt 0:03:47]} Ne4 {[%emt 0:14:07]} 13. Ne5 {[%emt 0:06:03]} Bxe2 {[%emt 0:02:22]} 14. Nxe2 {[%emt 0:12:01]} Rc8 {[%emt 0:08:38]} 15. Rc1 {[%emt 0:05:49]} Bd6 {[%emt 0:10:48]} 16. Nxc6 {[%emt 0:04:52]} bxc6 {[%emt 0:01:06]} 17. Bf4 {[%emt 0:08:28]} Bxf4 {[%emt 0:01:44]} 18. Nxf4 {[%emt 0:00:18]} Qf6 {[%emt 0:01:38]} 19. Ne2 {[%emt 0:03:42]} Rfe8 {[%emt 0:03:54]} 20. f3 {[%emt 0:10:46]} Nd6 {[%emt 0:00:25]} 21. b3 {[%emt 0:03:41]} Nf5 {[%emt 0:01:32]} 22. Rf2 {[%emt 0:09:29]} Re7 {[%emt 0:10:56]} 23. Qd2 {[%emt 0:06:21]} Rce8 {[%emt 0:01:44]} 24. Qb4 {[%emt 0:12:16]} h6 {[%emt 0:01:55]} 25. Rc2 {[%emt 0:01:20]} Qg6 {[%emt 0:05:14]} 26. Qc5 {[%emt 0:00:59]} Ne3 {[%emt 0:04:30]} 27. Rc1 {[%emt 0:00:06]} Nf5 {[%emt 0:03:56]} 28. Rc2 {[%emt 0:00:14]} Ng3 {[%emt 0:02:52]} 29. Nxg3 {[%emt 0:01:01]} Qxg3 {[%emt 0:00:06]} 30. Rf1 {[%emt 0:00:08]} Re2 {[%emt 0:00:25]} 0-1

[Event "Nakhchivan Premium 2021"]
[Site "Nakhchivan"]
[Date "2021.03.22"]
[Round "1.5"]
[White "Babayev, Talib"]
[Black "Babayeva, Nasrin"]
[Result "1-0"]
[WhiteElo "2282"]
[BlackElo "1564"]
[Annotator "TA"]
[PlyCount "63"]
[EventDate "2021.03.14"]
[EventType "tourn"]
[EventCountry "AZE"]
[SourceTitle "playchess.com"]
[Source "ChessBase"]
[SourceQuality "1"]

{[%evp 9,63,29,31,15,29,12,21,4,4,11,20,0,0,0,0,0,47,34,45,55,51,-151,-102,-165,114,118,38,104,62,-17,0,0,389,382,383,387,387,378,371,366,1433,1352,1959,1956,1697,1805,1816,1524,1745,1629,1504,1439,1953,1952,29991,29992]} 1. e4 e6 2. d4 d5 3. Nc3 Be7 4. Bd3 Nc6 5. Nf3 Nb4 6. Be2 {C10: French with 3 Nc3: Unusual Black 3rd moves and 3...dxe4.} Nf6 $1 7. e5 (7. exd5 {keeps more tension.} exd5 8. a3 Nc6 9. O-O Ne4 10. Bd3) 7... Ne4 8. a3 {The position is equal.} (8. O-O {with more complications.} c5 9. dxc5 Nxc5 10. Nd4 O-O 11. Be3) 8... Nxc3 9. bxc3 Nc6 10. h4 Bd7 11. h5 h6 12. Rh3 {[#]} O-O $146 ({Predecessor:} 12... Na5 13. Rg3 Bf8 14. a4 Bc6 15. Ba3 Bxa3 16. Rxa3 Qe7 17. Ra1 Rg8 18. Qc1 O-O-O {1-0 (30) Jasny,S (2359)-Totsky,L (2492) Pardubice 2008}) 13. Be3 f5 14. Qd2 {aiming for Bxh6!} Kh7 15. O-O-O $2 (15. c4 $14 {stays ahead.}) 15... Bxa3+ $17 16. Kb1 Be7 $2 {[#]} (16... Na5 $1 $19 17. c4 Nxc4 18. Bxc4 dxc4) 17. Rg1 $1 $16 Na5 18. g4 c6 {Hoping for ...Qb6+.} 19. gxf5 ({White should try} 19. Kc1 $1 $14) 19... Qb6+ 20. Ka1 Nc4 $4 {[%mdl 8192]} (20... Rxf5 $11 {and Black has nothing to worry.} 21. Rhg3 Ba3) 21. Bxc4 $18 dxc4 {[#]} 22. Rxg7+ $3 {[%mdl 576] Remove Defender, Decoy} Kxg7 23. f6+ Rxf6 24. exf6+ Kxf6 $2 {[#]} (24... Bxf6 25. Ne5 Kh7 26. Nxd7 Qa6+ 27. Kb1 Be7) 25. Bg5+ $1 {[%mdl 512]} Kf7 (25... Kg7 26. Bxe7) 26. Ne5+ {[%mdl 64] Double Attack} Ke8 27. Bxe7 Kxe7 28. Qxh6 {White wants to mate with Qg7+.} Qa5+ 29. Kb2 {White threatens Qg7+ and mate.} Qb5+ 30. Kc1 {Intending Qg7+ and mate.} c5 31. Rf3 Be8 32. Qf8+ {Weighted Error Value: White=0.27/Black=0.86} 1-0

[Event "Nakhchivan Premium 2021"]
[Site "Nakhchivan"]
[Date "2021.03.22"]
[Round "1.6"]
[White "Baghirov, Orkhan"]
[Black "Ismayilov, Arturan"]
[Result "1/2-1/2"]
[WhiteElo "1473"]
[BlackElo "1663"]
[Annotator "NA RC"]
[PlyCount "164"]
[EventDate "2021.03.14"]
[EventType "tourn"]
[EventCountry "AZE"]
[SourceTitle "playchess.com"]
[Source "ChessBase"]
[SourceQuality "1"]
[TimeControl "5400+30"]

1. d4 {[%emt 0:00:00]} Nf6 {[%emt 0:00:00]} 2. c4 {[%emt 0:01:42]} g6 {[%emt 0:00:05]} 3. Nc3 {[%emt 0:00:08]} d5 {[%emt 0:00:28]} 4. Nf3 {[%emt 0:01:02]} Bg7 {[%emt 0:00:15]} 5. e3 {[%emt 0:00:08]} O-O {[%emt 0:01:28]} 6. Bd3 {[%emt 0:01:10]} dxc4 {[%emt 0:01:54]} 7. Bxc4 {[%emt 0:01:03]} c5 {[%emt 0:01:14]} 8. O-O {[%emt 0:06:34]} Nc6 {[%emt 0:02:42]} 9. d5 {[%emt 0:11:55]} Na5 {[%emt 0:04:47]} 10. Be2 {[%emt 0:01:38]} Bf5 {[%emt 0:06:15]} 11. Nh4 {[%emt 0:04:41]} Be4 {[%emt 0:16:54]} 12. Bf3 {[%emt 0:13:15]} Bxf3 {[%emt 0:00:20]} 13. Nxf3 {[%emt 0:00:27]} Re8 {[%emt 0:06:32]} 14. e4 {[%emt 0:09:25]} Ng4 {[%emt 0:01:53]} 15. Qe2 {[%emt 0:09:53]} Ne5 {[%emt 0:03:27]} 16. Nxe5 {[%emt 0:01:33]} Bxe5 {[%emt 0:00:04]} 17. f4 {[%emt 0:00:52]} Bd4+ {[%emt 0:00:14]} 18. Be3 {[%emt 0:00:22]} e6 {[%emt 0:01:34]} 19. Rad1 {[%emt 0:03:34]} exd5 {[%emt 0:03:17]} 20. Bxd4 {[%emt 0:03:17]} cxd4 {[%emt 0:00:07]} 21. Rxd4 {[%emt 0:01:04]} Qb6 {[%emt 0:00:52]} 22. Qf2 {[%emt 0:00:53]} dxe4 {[%emt 0:01:32]} 23. Rxe4 {[%emt 0:02:29]} Qxf2+ {[%emt 0:02:41]} 24. Kxf2 {[%emt 0:01:30]} Rxe4 {[%emt 0:00:17]} 25. Nxe4 {[%emt 0:00:06]} Rc8 {[%emt 0:00:01]} 26. Re1 {[%emt 0:01:46]} Kg7 {[%emt 0:01:48]} 27. b3 {[%emt 0:01:45]} Rc6 {[%emt 0:00:58]} 28. Re2 {[%emt 0:00:43]} b5 {[%emt 0:01:18]} 29. Ke3 {[%emt 0:03:42]} Re6 {[%emt 0:03:33]} 30. Kf3 {[%emt 0:01:20]} Ra6 {[%emt 0:04:18]} 31. Nc5 {[%emt 0:01:52]} Rc6 {[%emt 0:00:15]} 32. Ne4 {[%emt 0:00:59]} Rc1 {[%emt 0:01:27]} 33. Nd6 {[%emt 0:03:12]} Nc6 {[%emt 0:00:00]} 34. Kf2 {[%emt 0:02:38]} b4 {[%emt 0:00:50]} 35. Re1 {[%emt 0:00:57]} Rc5 {[%emt 0:01:01]} 36. Ne4 {[%emt 0:02:11]} Ra5 {[%emt 0:02:02]} 37. Re2 {[%emt 0:00:13]} h6 {[%emt 0:02:39]} 38. Rd2 {[%emt 0:00:51]} g5 {[%emt 0:00:48]} 39. g3 {[%emt 0:00:16]} f6 {[%emt 0:06:35]} 40. Nd6 {[%emt 0:00:00]} Rc5 {[%emt 0:00:00]} 41. Nc4 {[%emt 0:00:00]} a5 {[%emt 0:00:00]} 42. Rd7+ {[%emt 0:00:00]} Kg6 {[%emt 0:00:00]} 43. Rc7 {[%emt 0:00:00]} gxf4 {[%emt 0:00:00]} 44. gxf4 {[%emt 0:00:00]} Kf5 {[%emt 0:00:00]} 45. Ke3 {[%emt 0:00:00]} Kg4 {[%emt 0:00:00]} 46. Rf7 {[%emt 0:00:00]} f5 {[%emt 0:00:00]} 47. Rf6 {[%emt 0:00:00]} Kh5 {[%emt 0:04:20]} 48. Rd6 {[%emt 0:00:00]} a4 {[%emt 0:01:11]} 49. Rd7 {[%emt 0:00:00]} axb3 {[%emt 0:03:13]} 50. axb3 {[%emt 0:00:00]} Na5 {[%emt 0:02:52]} 51. Nxa5 {[%emt 0:00:00]} Rxa5 {[%emt 0:00:01]} 52. Rb7 {[%emt 0:00:00]} Ra2 {[%emt 0:00:01]} 53. Rxb4 {[%emt 0:00:00]} Rxh2 {[%emt 0:00:01]} 54. Kf3 {[%emt 0:00:00]} Rh3+ {[%emt 0:00:52]} 55. Kg2 {[%emt 0:00:00]} Kg4 {[%emt 0:00:05]} 56. Rb6 {[%emt 0:00:00]} Rg3+ {[%emt 0:02:27]} 57. Kf2 {[%emt 0:00:00]} Rf3+ {[%emt 0:00:13]} 58. Kg2 {[%emt 0:00:00]} h5 {[%emt 0:00:49]} 59. Rg6+ {[%emt 0:00:05]} Kxf4 {[%emt 0:00:05]} 60. Rh6 {[%emt 0:00:13]} Rxb3 {[%emt 0:01:14]} 61. Rxh5 {[%emt 0:00:03]} Kg4 {[%emt 0:01:27]} 62. Rh8 {[%emt 0:00:26]} Rb2+ {[%emt 0:00:02]} 63. Kf1 {[%emt 0:00:24]} Kg3 {[%emt 0:00:15]} 64. Rc8 {[%emt 0:02:44]} f4 {[%emt 0:00:44]} 65. Rf8 {[%emt 0:04:58]} Kf3 {[%emt 0:01:37]} 66. Kg1 {[%emt 0:03:24]} Rb1+ {[%emt 0:02:14]} 67. Kh2 {[%emt 0:00:02]} Re1 {[%emt 0:00:09]} 68. Rf7 {[%emt 0:02:31]} Rf1 {[%emt 0:00:24]} 69. Rb7 {[%emt 0:03:18]} Re1 {[%emt 0:00:50]} 70. Rf7 {[%emt 0:00:10]} Re4 {[%emt 0:00:27]} 71. Kg1 {[%emt 0:00:34]} Ra4 {[%emt 0:00:38]} 72. Rb7 {[%emt 0:00:40]} Ra1+ {[%emt 0:00:33]} 73. Kh2 {[%emt 0:00:02]} Kf2 {[%emt 0:00:31]} 74. Rb2+ {[%emt 0:00:22]} Kf1 {[%emt 0:00:04]} 75. Rb3 {[%emt 0:01:31]} Ra2+ {[%emt 0:00:06]} 76. Kh3 {[%emt 0:00:42]} Rf2 {[%emt 0:04:38]} 77. Kg4 {[%emt 0:00:22]} Kg2 {[%emt 0:00:25]} 78. Rc3 {[%emt 0:01:27]} Rf1 {[%emt 0:01:32]} 79. Rc2+ {[%emt 0:00:22]} Kg1 {[%emt 0:00:09]} 80. Rc3 {[%emt 0:00:16]} f3 {[%emt 0:02:31]} 81. Rxf3 {[%emt 0:00:10]} Rf2 {[%emt 0:00:02]} 82. Rxf2 {[%emt 0:00:03]} Kxf2 1/2-1/2

[Event "Nakhchivan Premium 2021"]
[Site "Nakhchivan"]
[Date "2021.03.23"]
[Round "2.1"]
[White "Gasimov, Parviz"]
[Black "Ahmadova, Yegana"]
[Result "1-0"]
[WhiteElo "2337"]
[BlackElo "1421"]
[Annotator "TA"]
[PlyCount "65"]
[EventDate "2021.03.14"]
[EventType "tourn"]
[EventCountry "AZE"]
[SourceTitle "playchess.com"]
[Source "ChessBase"]
[SourceQuality "1"]

{[%evp 10,65,10,14,12,9,20,7,13,16,24,-14,75,77,87,86,116,118,120,117,147,128,175,102,140,108,92,91,206,204,586,570,651,567,617,416,650,641,700,584,600,584,592,578,572,568,1539,1427,1524,1187,1378,1186,1099,721,710,706,701,694]} 1. e4 e5 2. Bc4 Bc5 3. Nf3 d6 4. c3 Nf6 5. d3 O-O 6. O-O Bg4 {C24: Bishop's Opening: 2...Nf6.} 7. h3 Bh5 8. Re1 h6 {The position is equal.} 9. Nbd2 {[%cal Bb1d2,Bd2f1,Bf1g3][%mdl 32]} c6 10. Bb3 b5 (10... Nbd7 $11 {remains equal.}) 11. Nf1 $16 Nbd7 12. Ng3 Bg6 13. d4 {[#]} Bb6 $146 {[#]} ({Predecessor:} 13... exd4 14. cxd4 Bb4 15. Bd2 Bxd2 16. Qxd2 Nb6 17. Rac1 Qd7 18. Nh4 Bh7 19. Nhf5 Nxe4 20. Nxh6+ gxh6 21. Rxe4 {1-0 (31) Lambrecht,R (1401)-Hutton,A (1238) IECC email 2015}) 14. Nh4 $1 {[%cal Rh4g6]} Bh7 15. Nhf5 Bc7 {[#]} 16. f4 (16. a4 $1 $18) 16... Re8 17. Qf3 exd4 18. cxd4 d5 (18... c5 $16) 19. e5 $40 {[%mdl 128] White goes for the king.} Ne4 $2 (19... Re6 20. Bd2 Ne4) 20. Qg4 {[%csl Gf5][%cal Rg4g7]} Bxf5 21. Nxf5 {[%csl Gf5][%cal Rg4g7]} g6 {[#] White should prevent ...h5.} 22. Rxe4 $1 {[%mdl 512]} h5 (22... Nf6 $142 23. exf6 Rxe4) 23. Qg3 {White is clearly winning.} Kh7 24. Re2 gxf5 25. Bc2 Rg8 26. Bxf5+ Kh8 27. Qf3 h4 28. Qh5+ Kg7 29. Qh7+ Kf8 30. e6 {[%csl Ge6][%cal Rh7f7]} Qe7 31. exf7 Qxf7 32. Qxf7+ Kxf7 33. Bxd7 {Weighted Error Value: White=0.26/Black=0.53} 1-0

[Event "Nakhchivan Premium 2021"]
[Site "Nakhchivan"]
[Date "2021.03.23"]
[Round "2.2"]
[White "Sevdimaliyev, Urfan"]
[Black "Aliyev, Aykhan"]
[Result "1-0"]
[WhiteElo "2369"]
[BlackElo "1683"]
[Annotator "ChessBase"]
[PlyCount "69"]
[EventDate "2021.03.14"]
[EventType "tourn"]
[EventCountry "AZE"]
[SourceTitle "playchess.com"]
[Source "ChessBase"]
[SourceQuality "1"]
[TimeControl "5400+30"]

1. e4 {[%emt 0:00:00]} c5 {[%emt 0:00:00]} 2. f4 {[%emt 0:00:00]} Nc6 {[%emt 0:00:00]} 3. Nf3 {[%emt 0:00:00]} g6 {[%emt 0:00:41]} 4. Nc3 {[%emt 0:00:35]} Bg7 {[%emt 0:00:17]} 5. Bb5 {[%emt 0:00:04]} e6 {[%emt 0:02:04]} 6. Bxc6 {[%emt 0:07:07]} bxc6 {[%emt 0:05:33]} 7. e5 {[%emt 0:02:59]} d5 {[%emt 0:00:54]} 8. O-O {[%emt 0:03:41]} Ne7 {[%emt 0:04:21]} 9. d3 {[%emt 0:00:59]} h5 {[%emt 0:14:38]} 10. b3 {[%emt 0:05:13]} Nf5 {[%emt 0:02:57]} 11. Qe1 {[%emt 0:10:58]} Bf8 {[%emt 0:06:32]} 12. Ba3 {[%emt 0:03:48]} Rb8 {[%emt 0:03:13]} 13. Na4 {[%emt 0:06:48]} Rb5 {[%emt 0:04:58]} 14. c4 {[%emt 0:03:39]} dxc4 {[%emt 0:04:16]} 15. dxc4 {[%emt 0:00:24]} Rb4 {[%emt 0:00:27]} 16. Rd1 {[%emt 0:02:02]} Qc7 {[%emt 0:02:49]} 17. Bxb4 {[%emt 0:05:39]} cxb4 {[%emt 0:00:17]} 18. Ng5 {[%emt 0:03:21]} Be7 {[%emt 0:02:41]} 19. Ne4 {[%emt 0:00:39]} O-O {[%emt 0:01:11]} 20. Qf2 {[%emt 0:01:54]} Rd8 {[%emt 0:04:29]} 21. Rxd8+ {[%emt 0:03:49]} Qxd8 {[%emt 0:00:47]} 22. Qd2 {[%emt 0:00:38]} Qxd2 {[%emt 0:01:14]} 23. Nxd2 {[%emt 0:00:06]} c5 {[%emt 0:02:35]} 24. Ne4 {[%emt 0:01:08]} Bb7 {[%emt 0:00:52]} 25. Nexc5 {[%emt 0:02:21]} Bc6 {[%emt 0:00:10]} 26. Kf2 {[%emt 0:02:34]} g5 {[%emt 0:00:32]} 27. g3 {[%emt 0:03:28]} h4 {[%emt 0:01:24]} 28. Nd3 {[%emt 0:06:59]} gxf4 {[%emt 0:00:29]} 29. gxf4 {[%emt 0:04:05]} h3 {[%emt 0:00:12]} 30. Ke2 {[%emt 0:02:03]} Bh4 {[%emt 0:01:17]} 31. Nxb4 {[%emt 0:04:26]} Bg2 {[%emt 0:02:42]} 32. Rd1 {[%emt 0:00:58]} a5 {[%emt 0:08:20]} 33. Nc2 {[%emt 0:01:41]} Ng3+ {[%emt 0:00:08]} 34. hxg3 {[%emt 0:01:41]} Bxg3 {[%emt 0:00:10]} 35. Ne3 {[%emt 0:00:36]} 1-0

[Event "Nakhchivan Premium 2021"]
[Site "Nakhchivan"]
[Date "2021.03.23"]
[Round "2.3"]
[White "Seyid, Huseyn"]
[Black "Baghirov, Orkhan"]
[Result "1-0"]
[WhiteElo "1660"]
[BlackElo "1473"]
[Annotator "NA"]
[PlyCount "73"]
[EventDate "2021.03.14"]
[EventType "tourn"]
[EventCountry "AZE"]
[SourceTitle "playchess.com"]
[Source "ChessBase"]
[SourceQuality "1"]
[TimeControl "5400+30"]

1. e4 {[%emt 0:00:00]} e6 {[%emt 0:00:23]} 2. d4 {[%emt 0:00:00]} d5 {[%emt 0:01:41]} 3. Nd2 {[%emt 0:00:01]} Nf6 {[%emt 0:00:55]} 4. e5 {[%emt 0:00:08]} Nfd7 {[%emt 0:00:05]} 5. Bd3 {[%emt 0:00:10]} c5 {[%emt 0:00:05]} 6. c3 {[%emt 0:00:03]} Nc6 {[%emt 0:00:48]} 7. Ne2 {[%emt 0:00:03]} Qb6 {[%emt 0:00:06]} 8. Nf3 {[%emt 0:00:48]} cxd4 {[%emt 0:01:40]} 9. cxd4 {[%emt 0:00:02]} f6 {[%emt 0:00:06]} 10. exf6 {[%emt 0:01:23]} Nxf6 {[%emt 0:00:02]} 11. O-O {[%emt 0:00:38]} Bd6 {[%emt 0:04:54]} 12. Re1 {[%emt 0:01:07]} O-O {[%emt 0:03:57]} 13. Bf4 {[%emt 0:07:59]} Qc7 {[%emt 0:02:44]} 14. g3 {[%emt 0:00:55]} Nh5 {[%emt 0:05:17]} 15. Bxd6 {[%emt 0:01:30]} Qxd6 {[%emt 0:02:02]} 16. Nc3 {[%emt 0:01:10]} g6 {[%emt 0:09:29]} 17. Ne5 {[%emt 0:26:48]} Nxe5 {[%emt 0:05:39]} 18. Rxe5 {[%emt 0:00:13]} Nf6 {[%emt 0:03:48]} 19. Bf1 {[%emt 0:13:46]} a6 {[%emt 0:07:30]} 20. Bh3 {[%emt 0:00:41]} Bd7 {[%emt 0:02:46]} 21. Qe2 {[%emt 0:01:14]} Rae8 {[%emt 0:04:00]} 22. Re1 {[%emt 0:00:22]} Qb4 {[%emt 0:01:57]} 23. Qd2 {[%emt 0:02:55]} Qd6 {[%emt 0:03:10]} 24. Qe3 {[%emt 0:01:51]} Qb4 {[%emt 0:03:16]} 25. Re2 {[%emt 0:02:01]} Kg7 {[%emt 0:01:27]} 26. a3 {[%emt 0:03:21]} Qc4 {[%emt 0:08:47]} 27. Qd2 {[%emt 0:09:30]} Qc6 {[%emt 0:04:35]} 28. f3 {[%emt 0:03:10]} Rf7 {[%emt 0:05:33]} 29. f4 {[%emt 0:02:15]} Rfe7 {[%emt 0:04:02]} 30. f5 {[%emt 0:03:04]} Qd6 {[%emt 0:02:41]} 31. Qe3 {[%emt 0:02:38]} Kf7 {[%emt 0:01:46]} 32. fxg6+ {[%emt 0:01:15]} hxg6 {[%emt 0:00:02]} 33. Qh6 {[%emt 0:00:54]} Rg8 {[%emt 0:05:02]} 34. Rf2 {[%emt 0:00:15]} Rf8 {[%emt 0:03:16]} 35. Rxf6+ {[%emt 0:00:19]} Kxf6 {[%emt 0:00:40]} 36. Qxf8+ {[%emt 0:00:08]} Rf7 {[%emt 0:00:04]} 37. Qxd6 {[%emt 0:00:03]} 1-0